Statistics for Belgium World Cup Squads 1930-2022

Click here to take the quiz!

General Stats

  • This quiz has been taken 38 times
  • The average score is 93 of 309

Answer Stats

#HintAnswer% Correct
7KDBKevin De Bruyne
100%
1TCThibaut Courtois
100%
10EHEden Hazard
94%
9RLRomelu Lukaku
94%
16THThorgan Hazard
94%
4VKVincent Kompany
94%
8MFMarouane Fellaini
92%
5JVJan Vertonghen
89%
2TAToby Alderweireld
89%
6AWAxel Witsel
86%
14DMDries Mertens
81%
14MMMaurice Mertens
78%
3TVThomas Vermaelen
78%
8WVMWilfried Van Moer
78%
11YCYannick Carrasco
78%
12SMSimon Mignolet
75%
8 | 17YTYouri Tielemans
75%
13KCKoen Casteels
72%
22NCNacer Chadli
72%
15TMThomas Meunier
69%
17DODivock Origi
67%
19 | 23LDLeander Dendoncker
67%
7 | 18 | 21MWMarc Wilmots
67%
1MPMichel Preud'homme
67%
16DVBDaniel van Buyten
64%
15DVBDaniel Van Buyten
64%
21 | 23MBMichy Batshuayi
64%
18 | 20AJAdnan Januzaj
61%
25JDJérémy Doku
61%
22CDKCharles De Ketelaere
58%
20HVHans Vanaken
58%
1JMPJean-Marie Pfaff
58%
17LTLeandro Trossard
58%
24LOLoïs Openda
58%
4WFWout Faes
58%
18AOAmadou Onana
56%
8 | 10 | 14ESEnzo Scifo
56%
11JCJan Ceulemans
56%
11KMKevin Mirallas
56%
20EMÉmile Mpenza
53%
9 | 22MMMbo Mpenza
53%
21TCTimothy Castagne
53%
3ATArthur Theate
50%
26ZDZeno Debast
50%
21AVBAnthony Vanden Borre
47%
CSCharles Simons
47%
19MDMousa Dembélé
47%
16SDSteven Defour
47%
6TSTimmy Simons
47%
9WSWesley Sonck
44%
8BGBart Goor
42%
2 | 22EDÉric Deflandre
39%
18NLNicolas Lombaerts
39%
20DBDedryck Boyata
36%
11 | 18GVGert Verheyen
36%
17JVJan Verheyen
36%
8 | 10LNLuc Nilis
36%
12PVWPhilippe Vande Walle
36%
17RVRené Verheyen
36%
20APAlfons Peeters
33%
1GDVGeert De Vlieger
33%
15JPJacky Peeters
33%
23LCLaurent Ciman
33%
13FVdEFrançois Van der Elst
31%
3 | 6 | 7 | 8FVdEFranky Van der Elst
31%
13GGGeorges Grün
31%
15LVdELeo Van der Elst
31%
2EGEric Gerets
28%
1 | 12 | 20FDWFilip De Wilde
28%
20BSBranko Strupar
25%
10JWJohan Walem
25%
3 | 6 | 18LSLorenzo Staelens
22%
4 | 14 | 16MDWMichel De Wolf
22%
10PVHPaul Van Himst
22%
13SBSammy Bossut
22%
9EVErwin Vandenbergh
19%
4LCLei Clijsters
19%
14LCLeo Clijsters
19%
9MDMarc Degryse
19%
12PVdHPeter Van der Heyden
19%
21SVDHStephan Van Der Heyden
19%
6FVFranky Vercauteren
17%
9HCHenri Coppens
17%
17JWJosip Weber
17%
14 | 16NCNico Claesen
17%
5 | 11NVKNico Van Kerckhoven
17%
3 | 4PAPhilippe Albert
17%
18RLRaoul Lambert
17%
7 | 21SDStéphane Demol
17%
11 | 21ACAlexandre Czerniatynski
14%
1CPChristian Piot
14%
16 | 21DBDanny Boffin
14%
3 | 16GDBGlen De Boeck
14%
3LMLuc Millecamps
14%
10LCLudo Coeck
14%
8LOLuís Oliveira
14%
19MMMarc Millecamps
14%
5MRMichel Renquin
14%
5RSRudi Smidts
14%
5BVBruno Versavel
11%
18DVDaniel Veyt
11%
ESÉmile Stijnen
11%
4 | 19EVMEric Van Meir
11%
21FJFrans Janssens
11%
23FHFrédéric Herpoel
11%
JCJean Claessens
11%
6 | 15MEMarc Emmers
11%
16OPOdilon Polleunis
11%
10PDPhilippe Desmet
11%
7RVRené Vandereycken
11%
6VMVictor Mees
11%
3 | 5VBVital Borkelmans
11%
18YVYves Vanderhaeghe
11%
2BCBertrand Crasson
8%
13 | 20DVDany Verlinden
8%
17GEGaëtan Englebert
8%
4GVGordan Vidović
8%
19HBHugo Broos
8%
JDBJean De Bie
8%
6JDJean Dockx
8%
15JFDSJean-François De Sart
8%
3JTJean Thissen
8%
18JVDLJef Van Der Linden
8%
11JMJoseph Mermans
8%
14MBMarc Baecke
8%
19MVDLMarc Van Der Linden
8%
PBPierre Braine
8%
RBRaymond Braine
8%
20RMRobert Maertens
8%
14RVKRobert Van Kerkhoven
8%
12TCTheo Custers
8%
4WMWalter Meeuws
8%
11WPWilfried Puis
8%
ADWAlfons De Winter
6%
3AVBAlfons Van Brandt
6%
ABArnold Badjou
6%
AHAugust Hellemans
6%
BVBernard Voorhoof
6%
2DMDirk Medved
6%
FAFerdinand Adams
6%
FDFrançois Devries
6%
13FVFranky Vandendriessche
6%
2GHGeorges Heylens
6%
16GPGerard Plessers
6%
12 | 20GBGilbert Bodart
6%
20GVGuy Vandersmissen
6%
12 | 22JMJacky Munaron
6%
JMJacques Moeschal
6%
JDJan Diddens
6%
JCJean Capelle
6%
12JMTJean-Marie Trappeniers
6%
10LALéopold Anoul
6%
5LCLouis Carré
6%
LVLouis Versyp
6%
2MDMarcel Dries
6%
15MDSMaurits De Schrijver
6%
17MVMike Verstraeten
6%
NHNic Hoydonckx
6%
4NDNicolas Dewalque
6%
17PPPascal Plovie
6%
22PRPascal Renier
6%
22PVPatrick Vervoort
6%
15PCPhilippe Clement
6%
RPRobert Paverick
6%
14SVSven Vermant
6%
TNTheodore Nouwens
6%
AHAlbert Heremans
3%
ACAlexis Chantraine
3%
ASAndré Saeys
3%
AVAndré Vandewyer
3%
ACArthur Ceuleers
3%
19BTBernd Thijs
3%
12CGCharles Geerts
3%
CVWCharles Vanden Wouwer
3%
4CHConstant Huysmans
3%
CJConstant Joacim
3%
CSCorneel Seys
3%
8DHDenis Houf
3%
DBDésiré Bourgeois
3%
15EVErwin Vandendaele
3%
FWFélix Welkenhuysen
3%
FBFernand Buyle
3%
FGFrans Gommers
3%
FPFrans Peeraer
3%
GDGérard Delbeke
3%
HIHendrik Isemborghs
3%
HDDHenri De Deken
3%
13HDHenri Dirickx
3%
15HVDBHippolyte Van Den Bosch
3%
13JBJacques Beurlet
3%
22JDJacques Duquesne
3%
JBJean Brichaut
3%
JDCJean De Clercq
3%
JFJean Fievez
3%
JPJean Petit
3%
21JVSJean Van Steen
3%
19JBJo Backaert
3%
9JDJohan Devrindt
3%
JVAJohn Van Alphen
3%
7JDJos Daerden
3%
JNJoseph Nelis
3%
JVIJoseph Van Ingelgem
3%
7JVJozef Vliers
3%
JPJules Pappaert
3%
LGLaurent Grimmonprez
3%
5LJLéon Jeck
3%
7LSLéon Semmeling
3%
1LGLéopold Gernaey
3%
22LVHLuc Van Hoyweghen
3%
PHPaul Henry
3%
PSPhilibert Smellinckx
3%
19PCPierre Carteus
3%
PDPierre Dalem
3%
16PVDBPieter Van Den Bosch
3%
17RARaymond Ausloos
3%
17 | 18RMRaymond Mommens
3%
RLRené Ledent
3%
RBRobert Braet
3%
RLRobert Lamoot
3%
VPVictor Putmans
3%

Score Distribution

Percentile by Number Answered

Percent of People with Each Score

Your Score History

You have not taken this quiz